All Paper Mario Sticker Star Level Names - Statistics

General Stats
  • This quiz has been taken 14 times
  • The average score is 14 of 40
Answer Stats
Hint Answer % Correct
Hub Decalburg
80%
W3-6 Outlook Point
80%
W3-3 Wigglers Tree House
80%
W1-6 Goomba Fortress
60%
W3-10 Stump Glade
60%
Hub Surfshine Harbor
60%
W3-2 The Bafflewoods
60%
W1-2 Bouquet Gardens
40%
W5-4 Chomp Ruins
40%
W2-1 Drybake Desert
40%
W2-5 Drybake Stadium
40%
W3-9 Gauntlet Pond
40%
W1-4 Hither Thither Hill
40%
W3-1 Leaflitter Path
40%
W3-5 Loop Loop River
40%
W5-6 Rumble Volcano
40%
W3-7 Rustle Burrow
40%
W2-3 Sandshifter Ruins
40%
W5-1 Shy Guy Jungle
40%
W3-4 Strike Lake
40%
W4-3 The Enigmansion
40%
W3-8 Tree Branch Trail
40%
W1-1 Warm Fuzzy Plains
40%
W1-5 Whammino Mountain
40%
W3-12 Whitecap Beach
40%
W2-2 Yoshi Sphinx
40%
W6-2 Bowser Jr's Flotilla
20%
W6-3 Bowser's Sky Castle
20%
W2-4 Damp Oasis
20%
W6-1 Gate Cliff
20%
W3-11 Holey Thicket
20%
W4-2 Ice Flow
20%
W5-3 Long Fall Falls
20%
W4-1 Snow Rise
20%
W1-3 Water's Edge Way
20%
W4-5 Whiteout Valley
20%
W4-6 Bowser's Snow Fort
0%
W5-2 Jungle Rapids
0%
W5-5 Rugged Road
0%
W4-4 Shaved Ice Cave
0%
No matching quizzes found
Score Distribution
Percent of People with Each Score
Percentile by Number Answered
Your Score History
You have not taken this quiz